000 00363nam a22001457a 4500
008 250709b |||||||| |||| 00| 0 eng d
020 _aNIL
050 _aHF3551
_b.G56
100 _aGLOSE, E. Raymond
245 _aBusiness Its Nature and Enviroment
250 _a8th
260 _aCincinnati
_bSouth Western Publishing
_c1976
300 _axii, 605
942 _cBK
999 _c4249
_d4249